| 000 | 00490nmm a2200157Ia 4500 | ||
|---|---|---|---|
| 008 | 251105s9999||||xx |||||||||||||||||und|| | ||
| 041 | _aspa | ||
| 100 | _aMartínez, Ramón & Juanma Samusenko | ||
| 245 | 0 |
_aMaricones de antaño : _b Historia LGTB de la Historia |
|
| 264 |
_a[Madrid, España] : _bEditorial Egales, _c2021 |
||
| 300 | _a344 páginas | ||
| 490 | _aEnsayo | ||
| 650 | _aSocial Sciences (General) | ||
| 856 | _uhttps://public.digitaliapublishing.com/a/135814 | ||
| 942 | _cCF | ||
| 999 |
_c99228 _d99228 |
||